LIBRARY & INFORMATION CENTRE, KCAET, TAVANUR

ONLINE PUBLIC ACCESS CATALOGUE (OPAC)

Aval oru pennu annu / (Record no. 650)

MARC details
000 -LEADER
fixed length control field 00445cam a2200169ua 4500
041 ## - LANGUAGE CODE
Language code of text/sound track or separate title mal
082 ## - DEWEY DECIMAL CLASSIFICATION NUMBER
Classification number 894.8122
Item number GOP/AV
100 ## - MAIN ENTRY--AUTHOR NAME
Personal name Gopinathan nair, T,N .
245 ## - TITLE STATEMENT
Title Aval oru pennu annu /
260 ## - PUBLICATION, DISTRIBUTION, ETC. (IMPRINT)
Place of publication Kottayam :
Name of publisher Sahitya Parishad Co Operative Society Limited ,
Year of publication 1961.
300 ## - PHYSICAL DESCRIPTION
Number of Pages 83 ; .
942 ## - ADDED ENTRY ELEMENTS (KOHA)
Koha item type Books
Holdings
Withdrawn status Lost status Damaged status Home library Current library Date acquired Full call number Accession Number Koha item type
Withdrawn     KAUAET KAUAET 07/04/2012 894.8122 12790 Books
free website counter